Tudo sobre controle : (Record no. 84)

MARC details
000 -LÍDER
Campo Fixo de Controle 00769cam a2200241 a 4500
001 - NÚMERO DE CONTROLE
Campo de Controle 84
003 - IDENTIFICAÇÃO DO NÚMERO DE CONTROLE
Campo de Controle BR-CuiBMT
005 - DATA E HORA DA ÚLTIMA ATUALIZAÇÃO
Campo de Controle 20231107002441.0
008 - DADOS FIXOS
Dados Fixos 230810s2021 mgba 000 0 por d
020 ## - INTERNATIONAL STANDARD BOOK NUMBER
Nº do ISBN 9786555181449
040 ## - AGÊNCIA CATALOGADORA
Código da Agência Catalogadora BR-CuiBMT
Agência que transcreveu o registro BR-CuiBMT
080 ## - Nº DA CLASSIFICAÇÃO DECIMAL UNIVERSAL
Nº edição CDU 2007
Nº Class. CDU 35.078.3:336.14
090 ## - NÚMERO DE CHAMADA
Nº classificação 35.078.3:336.14
Cutter B813t
100 1# - ENTRADA PRINCIPAL -- AUTOR PESSOAL
Nome pessoal Braga, Marcus Vinicius de Azevedo,
Datas associadas ao nome 1974-
245 10 - TÍTULO PRINCIPAL
Título principal Tudo sobre controle :
Subtítulo textos contemporâneos /
Indicação de responsabilidade Marcus Vinicius de Azevedo Braga ; prefácio, Ana Carla Bliacheriene.
260 ## - PUBLICAÇÃO, DISTRIBUIÇÃO, ETC.
Local de publicação Belo Horizonte :
Editora Fórum,
Data 2021.
300 ## - DESCRIÇÃO FÍSICA
N. páginas ou volumes 370 p. :
Ilustrações il. ;
Dimensões 22 cm
504 ## - NOTA DE BIBLIOGRAFIA, ETC.
Nota de bibliografia Inclui bibliografia.
650 ## - ASSUNTO TÓPICO
Cabeçalho tópico ou nome geográfico Direito administrativo
650 ## - ASSUNTO TÓPICO
Cabeçalho tópico ou nome geográfico Políticas públicas
650 ## - ASSUNTO TÓPICO
Cabeçalho tópico ou nome geográfico Controle governamental
942 ## - ELEMENTOS DE ENTRADA ADICIONAIS (KOHA)
Fonte de classificação ou esquema de arquivamento Classificação Decimal Universal
Tipo de item do Koha Livros
Holdings
Estado: removido Estado: perdido Fonte de classificação ou esquema de arquivamento Estado: danificado Indisponível para empréstimo Localização permanente Localização atual Data de aquisição Total Checkouts Número de Chamada completo Código de barras Date last seen Número do exemplar Preço efetivo a partir de Tipo de item (Koha)
    Classificação Decimal Universal     Biblioteca da Escola Superior de Contas do TCE/MT Biblioteca da Escola Superior de Contas do TCE/MT 28/07/2023   35.078.3:336.14 B813t BIBTCEMT23080060 10/08/2023 Ex. 1 10/08/2023 Livros

Powered by Koha